书目信息 |
| 题名: |
建筑环境与能源应用工程专业概论
|
|
| 作者: | 曲云霞 , 张林华 编著 | |
| 分册: | ||
| 出版信息: | 北京 中国建筑工业出版社 2016.05 |
|
| 页数: | 280页 | |
| 开本: | 26cm | |
| 丛书名: | ||
| 单 册: | ||
| 中图分类: | TU-023 | |
| 科图分类: | ||
| 主题词: | 建筑工程--jian zhu gong cheng--环境管理--高等学校--教材 | |
| 电子资源: | ||
| ISBN: | 978-7-112-19288-5 | |
| 000 | 01223nam0 2200277 450 | |
| 001 | CAL 0120161857649 | |
| 005 | 20190308095923.46 | |
| 010 | @a978-7-112-19288-5@dCNY35.00 | |
| 100 | @a20170904d2016 em y0chiy50 ea | |
| 101 | 0 | @achi |
| 102 | @aCN@b110000 | |
| 105 | @aak a 000yy | |
| 200 | 1 | @a建筑环境与能源应用工程专业概论@Ajian zhu huan jing yu neng yuan ying yong gong cheng zhuan ye gai lun@f曲云霞, 张林华编著 |
| 210 | @a北京@c中国建筑工业出版社@d2016.05 | |
| 215 | @a280页@c图@d26cm | |
| 312 | @a英文题名取自封面 | |
| 320 | @a有书目 (第279-280页) | |
| 330 | @a本书共分为四章, 第一章介绍了建筑环境与能源应用工程专业的发展历程 ; 第二章介绍了本行业的研究热点和新技术 ; 第三章为建筑环境与能源应用工程专业所设置的主要专业基础课程简介 ; 第四章为建筑环境与能源应用工程专业所设置的主要专业课程简介。 | |
| 333 | @a高等学校建筑环境与能源应用工程专业规划教材 | |
| 510 | 1 | @aIntroduction to major of building environment and energy application engineering@zeng |
| 606 | 0 | @a建筑工程@Ajian zhu gong cheng@x环境管理@x高等学校@j教材 |
| 690 | @aTU-023@v5 | |
| 701 | 0 | @a曲云霞@Aqu yun xia@4编著 |
| 701 | 0 | @a张林华@Azhang lin hua@4编著 |
| 801 | 0 | @aCN@c20170904 |
| 905 | @a河南城建学院图书馆@dTU-023@eQ803@f2 | |
| 建筑环境与能源应用工程专业概论/曲云霞, 张林华编著.-北京:中国建筑工业出版社,2016.05 |
| 280页:图;26cm |
| 使用对象:高等学校建筑环境与能源应用工程专业规划教材 |
| ISBN 978-7-112-19288-5:CNY35.00 |
| 本书共分为四章, 第一章介绍了建筑环境与能源应用工程专业的发展历程 ; 第二章介绍了本行业的研究热点和新技术 ; 第三章为建筑环境与能源应用工程专业所设置的主要专业基础课程简介 ; 第四章为建筑环境与能源应用工程专业所设置的主要专业课程简介。 |
| ● |
| 相关链接 |
|
|
|
正题名:建筑环境与能源应用工程专业概论
索取号:TU-023/Q803
 
预约/预借
| 序号 | 登录号 | 条形码 | 馆藏地/架位号 | 状态 | 备注 |
| 1 | 1243703 | 212437031 | 建筑库101/101建筑库 3排2列3层/ [索取号:TU-023/Q803] | 在馆 | |
| 2 | 1315107 | 213151079 | 建筑库101/101建筑库 3排2列3层/ [索取号:TU-023/Q803] | 在馆 | |
| 3 | 1315108 | 213151088 | 建筑库101/101建筑库 3排2列3层/ [索取号:TU-023/Q803] | 在馆 |